Japan 2000 Architecture and Design for the Japanese Public (Record no. 2060)
[ view plain ]
| 000 -LEADER | |
|---|---|
| fixed length control field | 00295nam a2200109Ia 4500 |
| 008 - FIXED-LENGTH DATA ELEMENTS--GENERAL INFORMATION | |
| fixed length control field | 200302s9999 xx 000 0 und d |
| 100 ## - MAIN ENTRY--PERSONAL NAME | |
| Personal name | John Zukowsky |
| 245 ## - TITLE STATEMENT | |
| Title | Japan 2000 Architecture and Design for the Japanese Public |
| 260 ## - PUBLICATION, DISTRIBUTION, ETC. | |
| Name of publisher, distributor, etc. | Prestel-Verlag, Munich |
| 260 ## - PUBLICATION, DISTRIBUTION, ETC. | |
| Date of publication, distribution, etc. | 1998 |
| 300 ## - PHYSICAL DESCRIPTION | |
| Extent | 158 P., |
| Withdrawn status | Lost status | Damaged status | Not for loan | Permanent Location | Current Location | Date acquired | Cost, normal purchase price | Full call number | Barcode | Date last seen | Price effective from | Koha item type |
|---|---|---|---|---|---|---|---|---|---|---|---|---|
| BMS College of Architecture, Design and Planning | BMS College of Architecture, Design and Planning | 2020-03-03 | 2705.50 | 720.9520904 | CL-UG43672 | 2020-03-03 | 2020-03-03 | UG Books from CL |